[Event "CRO-chT4 Center-A"]
[Site "Zagreb"]
[Date "2011.03.27"]
[Round "3.41"]
[White "Starcevic, Kresimir"]
[Black "Stracenski, Kresimir"]
[Result "1-0"]
[WhiteElo "2151"]
[BlackElo "2151"]
[PlyCount "111"]
[EventDate "2011.03.13"]
[EventType "team-tourn"]
[EventRounds "7"]
[EventCountry "CRO"]
[SourceTitle "EXT 2014"]
[Source "ChessBase"]
[SourceDate "2013.11.20"]
[SourceVersion "1"]
[SourceVersionDate "2013.11.20"]
[SourceQuality "1"]

1. e4 Nf6 2. e5 Nd5 3. d4 d6 4. Bc4 dxe5 5. dxe5 c6 6. Nc3 Be6 7. Ne4 b5 8. Bb3 Na6 9. Nf3 Ndc7 10. Qe2 Bxb3 11. axb3 e6 12. Bg5 Qc8 13. 0-0-0 Nc5 14. Rd8+ Qxd8 15. Bxd8 Rxd8 16. Nxc5 Bxc5 17. Nd2 0-0 18. Ne4 Be7 19. g3 f5 20. exf6 Bxf6 21. Nxf6+ Rxf6 22. f4 Rf5 23. Rd1 Rxd1+ 24. Qxd1 Rd5 25. Qe1 Rd7 26. Qe4 a6 27. Qxc6 Re7 28. Qc5 Kf7 29. Qh5+ Kg8 30. Qc5 Kf7 31. b4 g6 32. c3 h6 33. Kc2 Nd5 34. Qd6 Ne3+ 35. Kd3 Nc4 36. Qxa6 Rd7+ 37. Ke4 Rd5 38. Qb7+ Kf6 39. Qh7 h5 40. Qh8+ Kf7 41. Qh7+ Kf6 42. h3 Nd2+ 43. Ke3 Nc4+ 44. Ke2 Rd2+ 45. Kf3 Rd3+ 46. Kf2 Rd2+ 47. Ke1 Rg2 48. Qh6 Kf7 49. Qh7+ Kf6 50. Qg8 Ke7 51. Qg7+ Kd6 52. b3 Nb6 53. Qd4+ Kc7 54. Qe5+ Kd8 55. Qxe6 Nd7 56. Qxg6 1-0

[Event "CRO-chT4A Center"]
[Site "Zagreb"]
[Date "2010.11.14"]
[Round "11.61"]
[White "Stracenski, Kresimir"]
[Black "Hrupacki, Milan"]
[Result "1-0"]
[WhiteElo "2144"]
[BlackElo "2072"]
[PlyCount "69"]
[EventDate "2010.03.21"]
[EventType "team-tourn"]
[EventRounds "11"]
[EventCountry "CRO"]
[SourceTitle "EXT 2012"]
[Source "ChessBase"]
[SourceDate "2011.11.24"]
[SourceVersion "1"]
[SourceVersionDate "2011.11.24"]
[SourceQuality "1"]

1. e4 c6 2. Nc3 d6 3. d4 Qc7 4. Be3 Nd7 5. Nf3 e5 6. dxe5 dxe5 7. Qd2 Ngf6 8. h3 Be7 9. a3 0-0 10. Bd3 Re8 11. 0-0 Nf8 12. Ne2 Be6 13. Qc3 N8d7 14. Ng5 Nf8 15. Nxe6 Nxe6 16. f3 h6 17. Bc4 Bf8 18. Bxe6 Rxe6 19. Rfd1 a5 20. Ng3 b5 21. Bc5 Kh7 22. Kh2 Nd7 23. Bxf8 Nxf8 24. Rd3 Rf6 25. Rad1 Re8 26. Qc5 Ng6 27. Rd7 Qc8 28. Nh5 Rfe6 29. Rxf7 R8e7 30. Rxe7 Nxe7 31. Rd6 a4 32. g3 Kg6 33. f4 Kxh5 34. g4+ Kg6 35. Rxe6+ 1-0

[Event "CRO-chT4A Center"]
[Site "Zagreb"]
[Date "2010.10.24"]
[Round "9.62"]
[White "Stracenski, Kresimir"]
[Black "Podravec, Kresimir"]
[Result "1/2-1/2"]
[WhiteElo "2144"]
[BlackElo "2142"]
[PlyCount "75"]
[EventDate "2010.03.21"]
[EventType "team-tourn"]
[EventRounds "11"]
[EventCountry "CRO"]
[SourceTitle "EXT 2012"]
[Source "ChessBase"]
[SourceDate "2011.11.24"]
[SourceVersion "1"]
[SourceVersionDate "2011.11.24"]
[SourceQuality "1"]

1. e4 c5 2. Nf3 e6 3. b3 d5 4. exd5 exd5 5. Bb5+ Bd7 6. Qe2+ Qe7 7. Nc3 Qxe2+ 8. Kxe2 d4 9. Bxd7+ Nxd7 10. Nb5 Kd8 11. Ng5 Nh6 12. a4 a6 13. Na3 Be7 14. Nh3 Re8 15. d3 g5 16. Re1 Kc7 17. Kf1 f6 18. Bd2 Ng4 19. f3 Nge5 20. f4 Nf7 21. fxg5 fxg5 22. Re2 Bf6 23. Rxe8 Rxe8 24. Re1 Rxe1+ 25. Bxe1 Kc6 26. Nc4 b5 27. axb5+ axb5 28. Nd2 Nd6 29. g4 Ne5 30. Nf2 Kd5 31. h3 c4 32. bxc4+ bxc4 33. Nfe4 Nxe4 34. Nxe4 Be7 35. Ke2 c3 36. Bg3 Nc6 37. Bc7 h6 38. Bg3 1/2-1/2

[Event "CRO-chT4A Center"]
[Site "Zagreb"]
[Date "2010.10.17"]
[Round "8.22"]
[White "Klement, Dubravko"]
[Black "Stracenski, Kresimir"]
[Result "1/2-1/2"]
[WhiteElo "1933"]
[BlackElo "2144"]
[PlyCount "107"]
[EventDate "2010.03.21"]
[EventType "team-tourn"]
[EventRounds "11"]
[EventCountry "CRO"]
[SourceTitle "EXT 2012"]
[Source "ChessBase"]
[SourceDate "2011.11.24"]
[SourceVersion "1"]
[SourceVersionDate "2011.11.24"]
[SourceQuality "1"]

1. d4 Nf6 2. c4 e6 3. Nc3 Bb4 4. f3 d5 5. a3 Bxc3+ 6. bxc3 c6 7. e3 Nbd7 8. Bd3 e5 9. cxd5 Nxd5 10. Qc2 exd4 11. cxd4 h6 12. Ne2 0-0 13. 0-0 Re8 14. e4 Nc7 15. Bb2 Nf8 16. Rad1 Be6 17. Ng3 f6 18. Bc4 Qd7 19. f4 Qf7 20. Bxe6 Rxe6 21. Rde1 Rd6 22. f5 Nb5 23. Qf2 Rad8 24. e5 fxe5 25. dxe5 Rd2 26. Re2 Qd5 27. Rxd2 Qxd2 28. Qxd2 Rxd2 29. Rf2 Rd1+ 30. Nf1 Nd7 31. Rd2 Rxd2 32. Nxd2 Nb6 33. Kf2 Na4 34. Bc1 Nd4 35. g4 h5 36. h3 hxg4 37. hxg4 c5 38. Nc4 b5 39. Nd6 b4 40. e6 Kf8 41. axb4 cxb4 42. Nc4 Nc6 43. Ke3 Nc5 44. g5 g6 45. fxg6 Nxe6 46. Ke4 Kg7 47. Kd5 Ned8 48. Bb2+ Kxg6 49. Bf6 a5 50. Nxa5 Nxa5 51. Bxd8 b3 52. Bf6 Kf5 53. Kc5 Nb7+ 54. Kb4 1/2-1/2

[Event "CRO-chT4A Center"]
[Site "Zagreb"]
[Date "2010.03.28"]
[Round "2.52"]
[White "Cvetkovic, Ivan"]
[Black "Stracenski, Kresimir"]
[Result "0-1"]
[WhiteElo "2033"]
[BlackElo "2157"]
[PlyCount "78"]
[EventDate "2010.03.21"]
[EventType "team-tourn"]
[EventRounds "11"]
[EventCountry "CRO"]
[SourceTitle "EXT 2012"]
[Source "ChessBase"]
[SourceDate "2011.11.24"]
[SourceVersion "1"]
[SourceVersionDate "2011.11.24"]
[SourceQuality "1"]

1. d4 Nf6 2. Nf3 d5 3. Bf4 c6 4. c3 g6 5. h3 Bg7 6. Nbd2 h5 7. e3 Bf5 8. Ne5 Nbd7 9. Ndf3 Ne4 10. Nxd7 Bxd7 11. Ne5 Bf5 12. f3 Nd6 13. Bd3 Bxe5 14. Bxe5 f6 15. Bh2 Qd7 16. Qe2 Bxd3 17. Qxd3 Qf5 18. 0-0-0 Qxd3 19. Rxd3 Nf7 20. e4 e6 21. Re1 Kd7 22. Rde3 Rae8 23. R1e2 Re7 24. Kd2 Rhe8 25. b3 f5 26. c4 fxe4 27. fxe4 Ng5 28. exd5 exd5 29. Rxe7+ Rxe7 30. Rxe7+ Kxe7 31. Ke3 Kf6 32. h4 Ne6 33. Be5+ Kf5 34. Bd6 Kg4 35. g3 g5 36. Be7 gxh4 37. Bxh4 Ng7 38. Bf6 Nf5+ 39. Kf2 Nxg3 0-1